Osaliya Da Pandh / (Record no. 528877)
[ view plain ]
| 000 -LEADER | |
|---|---|
| fixed length control field | 00388nam a22001457a 4500 |
| 003 - CONTROL NUMBER IDENTIFIER | |
| control field | NUST |
| 038 ## - RECORD CONTENT LICENSOR | |
| Staff Name | waseem |
| 082 ## - DEWEY DECIMAL CLASSIFICATION NUMBER | |
| Classification number | 891.421 |
| Author Mark | NIS |
| 100 ## - MAIN ENTRY--PERSONAL NAME | |
| Personal name | Nisar, Baba Khusi Muhammad |
| 9 (RLIN) | 20690 |
| 245 ## - TITLE STATEMENT | |
| Title | Osaliya Da Pandh / |
| Statement of responsibility, etc. | Baba Khusi Muhammad Nisar |
| 260 ## - PUBLICATION, DISTRIBUTION, ETC. | |
| Place of publication, distribution, etc. | Sahiwal : |
| Name of publisher, distributor, etc. | Anwar sons, |
| Date of publication, distribution, etc. | 1999. |
| 300 ## - PHYSICAL DESCRIPTION | |
| Extent | 196 p. ; |
| 880 ## - ALTERNATE GRAPHIC REPRESENTATION | |
| Linkage | 245-02\r |
| Title | حوصلیاں دا پندھ |
| 942 ## - ADDED ENTRY ELEMENTS (KOHA) | |
| Source of classification or shelving scheme | |
| Koha item type | Book |
| Withdrawn status | Lost status | Source of classification or shelving scheme | Damaged status | Not for loan | Permanent Location | Current Location | Shelving location | Date acquired | Total Checkouts | Full call number | Barcode | Date last seen | Price effective from | Koha item type |
|---|---|---|---|---|---|---|---|---|---|---|---|---|---|---|
| Central Library (CL) | Central Library (CL) | Punjabi Literature | 09/15/2019 | 891.421 NIS | CL-E-703 | 09/15/2019 | 09/15/2019 | Book |
